Normal view
MARC view
- Gower Publishing Company
Entry Corporate Name
001 - CONTROL NUMBER
- control field: 106998
003 - CONTROL NUMBER IDENTIFIER
- control field: NUST
005 - DATE AND TIME OF LATEST TRANSACTION
- control field: 20230118135332.0
008 - FIXED-LENGTH DATA ELEMENTS
- fixed length control field: 230118|| aca||aabn | a|a d
040 ## - CATALOGING SOURCE
- Original cataloging agency: NUST
- Transcribing agency: NUST
110 ## - HEADING--CORPORATE NAME
- Corporate name or jurisdiction name as entry element: Gower Publishing Company
670 ## - SOURCE DATA FOUND
- Source citation: Work cat.: (NUST)175992: The Gower handbook of management / edited by Dennis Lock., c1998.
